Songs in Multiple Movies - 1970s Quiz Stats

 Plays Quiz not verified by Sporcle

Score 0/11 Timer 06:00
0 Plays Today
% Correct
Stayin' Alive - The Bee Gees
84%
Afternoon Delight - Starland Vocal Band
76%
We are the Champions - Queen
76%
Sweet Home Alabama - Lynyrd Skynyrd
68%
Disco Inferno - The Trammps
67%
American Girl - Tom Petty
61%
Low Rider – War
59%
ABC - Jackson 5
51%
Can't You Hear Me Knocking - The Rolling Stones
44%
Mama Told Me Not to Come - Three Dog Night
42%
What Is Life - George Harrison
26%

You're not logged in!

Compare scores with friends on all Sporcle quizzes.
OR
Log In

Sporcle TV

Today on Sporcle TV


Watch our educational content, quiz creation guides, and fun videos on Sporcle TV.

Show Comments

Extras

Top Quizzes Today


Score Distribution

Your Account Isn't Verified!

In order to create a playlist on Sporcle, you need to verify the email address you used during registration. Go to your Sporcle Settings to finish the process.

Report this User

Report this user for behavior that violates our Community Guidelines.

Details: